000 02005nam0a2200421 i 4500
001 RU\NLR\BIBL_A\010564147
005 20260406091226.0
010 _a9785170824380
_95000
021 _aRU
_b2015-75994
_94585
021 _aRU
_b2014-77952
_94767
035 _a(NILC)RuMoRGB-007567354
035 _a(NLR Aleph) 010564147
090 _a10394947
_c10394947
100 _a20141212d2013 c y0rusy50 ca
101 0 _arus
102 _aRU
105 _aa|||z|||000ay
200 1 _aЛапы прочь от елочки!
_e[повесть-сказка
_eдля младшего и среднего школьного возраста]
_fК. Матюшкина, К. Оковитая
_gстихи Александра Тимофеева
_gрис. авт.
210 _aМосква
_cАСТ
_d2013
_d(макет 2014)
215 _a186, [6] с.
_cцв. ил.
_d20
225 1 _aПрикольный детектив
320 _aДр. произведения авт. на 4-й с.
333 _a6+
686 0 _aШ9(2)60=Р7-2
686 0 _aШ9(2)62=Р7-2
700 1 _8rus
_7ca
_aМатюшкина
_bЕ. А.
_f1976-
_gЕкатерина Александровна
_3RU\NLR\AUTH\7746761
_929696
701 1 _4070
_8rus
_7ca
_aОковитая
_bЕ. В.
_f1980-
_gЕкатерина Викторовна
_3RU\NLR\AUTH\7760013
_942944
702 1 _4570
_8rus
_7ca
_aТимофеев
_bА. Г.
_cхудожник, поэт
_f1936-
_gАлександр Георгиевич
_3RU\NLR\AUTH\7782371
_965299
702 1 _4440
_8rus
_7ca
_aМатюшкина
_bЕ. А.
_f1976-
_gЕкатерина Александровна
_3RU\NLR\AUTH\7746761
_929696
702 1 _4070
_8rus
_7ca
_aОковитая
_bЕ. В.
_f1980-
_gЕкатерина Викторовна
_3RU\NLR\AUTH\7760013
_942944
801 0 _aRU
_bRuMoRKP
_c20121122
_gRCR
801 2 _aRU
_bРГБ
_c20141015
_grcr
942 _cBOOK
980 _aNBR